Property investment clubs (Record no. 76101)

MARC details
000 -LEADER
fixed length control field 00977cab a2200181 4500
001 - CONTROL NUMBER
control field ##L131472
008 - FIXED-LENGTH DATA ELEMENTS--GENERAL INFORMATION
fixed length control field 051107n2005 000 0 eng u
035 ## - SYSTEM CONTROL NUMBER
System control number (Sirsi) u131472
041 #0 - LANGUAGE CODE
Language code of text/sound track or separate title eng
100 1# - MAIN ENTRY--PERSONAL NAME
Personal name Lewis, Maggie
245 00 - TITLE STATEMENT
Title Property investment clubs
260 3# - PUBLICATION, DISTRIBUTION, ETC.
Date of publication, distribution, etc. 2005
490 #0 - SERIES STATEMENT
Series statement Letting Update Journal
Volume/sequential designation 13(3) October 2005, 17-19(3)
520 ## - SUMMARY, ETC.
Summary, etc. Investigates how property investment clubs operate and examines the validity of their claim to make investors into property millionaires. Tests the theory of investment clubs that they can target suitable developments and negotiate better deals for their members particularly when buying off-plan. Suggests that notice should have been taken of the Australian experience of property investment clubs since 2003 and that regulation of these operations should be considered in the UK.
590 ## - LOCAL NOTE (RLIN)
Local note IKA081105
690 ## - LOCAL SUBJECT ADDED ENTRY--TOPICAL TERM (OCLC, RLIN)
Topical term or geographic name as entry element PROPERTY-RESIDENTIAL PROPERTY-RESIDENTIAL PROPERTY FINANCE AND INVESTMENT
942 ## - ADDED ENTRY ELEMENTS (KOHA)
Suppress in OPAC 0
Holdings
Withdrawn status Lost status Source of classification or shelving scheme Damaged status Not for loan Home library Current library Shelving location Date acquired Total Checkouts Full call number Barcode Date last seen Copy number Price effective from Koha item type
    Dewey Decimal Classification     London London Journal article 07/11/2005   L131472 131472-1001 06/08/2019 1 06/08/2019 Journal article